000 00363pab a2200145 454500
008 180718b2001 xxu||||| |||| 00| 0 eng d
100 _aGupta, K.S.
245 _aEmpowerment: a perceptual analysis
260 _c2001
300 _ap.32-42
362 _aApr
650 _aOrganizations
773 _aPrestige Journal of Management and Research
909 _a49881
999 _c49881
_d49881